| 000 | 01374cam a2200289 4500 | ||
|---|---|---|---|
| 001 | ABS68676 | ||
| 008 | 050119n2005 000 0 eng u | ||
| 035 | _a(Sirsi) u128546 | ||
| 100 | _aRobinson, C. | ||
| 245 | _aWill home information packs ease the house buying process, speed it up and end the gazumping? | ||
| 260 | _c2005 | ||
| 490 |
_aBuilding Engineer _v80(1) January 2005, 22-26(5) |
||
| 520 | _aDescribes the format of the proposed home information packs. Notes how they were formulated to ease the house buying process and end gazumping. Under the Housing Act 2004 the home information pack will contain a home condition report, which will be a mandatory requirement for the sale of any property that falls within the legislation. Also considers the contents of the pack, which will include environmental searches, planning consents and building control certificates. | ||
| 590 | _aABS | ||
| 590 | _aABS | ||
| 650 | _aGAZUMPING | ||
| 650 | _aPROPERTY-RESIDENTIAL PROPERTY-ACQUISITION AND DISPOSAL OF RESIDENTIAL PROPERTY | ||
| 650 | _aENVIRONMENTAL SEARCHES | ||
| 650 | _aENERGY PERFORMANCE | ||
| 650 | _aHOME INFORMATION PACKS | ||
| 650 | _aHOME CONDITION REPORTS | ||
| 650 | _aLICENSED HOME INSPECTORS | ||
| 650 | _aHOME INSPECTIONS | ||
| 650 | _aHOUSING ACT 2004 PART V | ||
| 690 | _aPROPERTY AND LAND LAW-CONVEYANCING | ||
| 942 | _n0 | ||
| 999 |
_c118481 _d118481 |
||